| 000 | 00461nam a22001817a 4500 | ||
|---|---|---|---|
| 003 | MPLRDC | ||
| 005 | 20220104144547.0 | ||
| 008 | 210129b ||||| |||| 00| 0 eng d | ||
| 020 | _a7-5014-1644-3 | ||
| 082 | _a628.63 ZJ v.2 | ||
| 100 | _a郑剑 | ||
| 245 |
_a孤岛残梦. 下 _c |
||
| 250 | _a初版 | ||
| 260 |
_a _b群众出版社 _c1997 |
||
| 300 | _b平 | ||
| 650 | _a中国现代史; 民国史--国民政府迁台以后 | ||
| 942 |
_cBK _o628.63 ZJ v.2 |
||
| 999 |
_c50800 _d50790 |
||